Catálogo
 En Linea

Empowerment : (Registro nro. 24672)

Detalles MARC
000 -CABECERA
campo de control de longitud fija 00911nam a2200241 a 4500
001 - NÚMERO DE CONTROL
campo de control 000025179
005 - FECHA Y HORA DE LA ÚLTIMA TRANSACCIÓN
campo de control 20200930023618.0
008 - DATOS DE LONGITUD FIJA--INFORMACIÓN GENERAL
campo de control de longitud fija 110208s1996 ck r 000 |aspa d
020 ## - NÚMERO INTERNACIONAL ESTÁNDAR DEL LIBRO
Número Internacional Estándar del Libro 9580436363
040 ## - FUENTE DE LA CATALOGACIÓN
Centro catalogador/agencia de origen DO-SdBNP
Lengua de catalogación spa
Centro/agencia transcriptor BNPHU
041 ## - CÓDIGO DE LENGUA
Código de lengua del texto/banda sonora o título independiente eng
Código de lengua original spa
Fuente del código Código de idioma MARC
082 ## - NÚMERO DE LA CLASIFICACIÓN DECIMAL DEWEY
Número de clasificación xxx
Número de documento/Ítem B639e
049 ## - FONDOS LOCALES (OCLC)
Fondos de biblioteca BNGR
100 1# - ENTRADA PRINCIPAL--NOMBRE DE PERSONA
Nombre de persona Blanchard, Kenneth H.
9 (RLIN) 51659
240 #0 - TÍTULO UNIFORME
Título uniforme Empowerment : takes more than a minute.
Lenguaje de la obra Español
245 14 - MENCIÓN DE TÍTULO
Título Empowerment :
Resto del título tres claves para que el proceso de facultar a los empleados funcione en su empresa /
Mención de responsabilidad, etc. Kenneth H. Blanchard, John P. Carlos, Alan Randolph; traducción Jorge Cárdenas N.
260 ## - PUBLICACIÓN, DISTRIBUCIÓN, ETC.
Lugar de publicación, distribución, etc. Bogotá :
Nombre del editor, distribuidor, etc. Norma,
Fecha de publicación, distribución, etc. 1996.
300 ## - DESCRIPCIÓN FÍSICA
Extensión xi, 123 p. ;
Dimensiones 21 cm.
534 ## - NOTA SOBRE LA VERSIÓN ORIGINAL
Encabezamiento principal del original Título original :
Mención de título del original Empowerment : takes more than a minute.
700 1# - PUNTO DE ACCESO ADICIONAL--NOMBRE DE PERSONA
Nombre de persona Carlos, John P.
9 (RLIN) 51660
700 1# - PUNTO DE ACCESO ADICIONAL--NOMBRE DE PERSONA
Nombre de persona Randolph, Alan
9 (RLIN) 51661
700 1# - PUNTO DE ACCESO ADICIONAL--NOMBRE DE PERSONA
Nombre de persona Cárdenas N., Jorge
Término indicativo de función/relación tr.
9 (RLIN) 51662

No hay ítems disponibles.

Con tecnología Koha